Subdivision by Flag Map #1 - Statistics

General Stats
  • This quiz has been taken 79 times
  • The average score is 10 of 16
Answer Stats
Picture Answer % Correct
Western Australia
92%
Greenland
81%
Alaska
79%
Sakha
79%
Quebec
75%
Nunavut
73%
Queensland
63%
Tibet
63%
Ontario
58%
Xinjiang
58%
Inner Mongolia
56%
Amazonas
52%
Krasnoyarsk Krai
48%
Northern Territory
46%
Northwest Territories
44%
Pará
40%
No matching quizzes found
Score Distribution
Percent of People with Each Score
Percentile by Number Answered
Your Score History
You have not taken this quiz